LDR 00721naa#a2200193#i#450# 001 EN\INFRA-M\bibl\125814 005 20260701101426.3 011 ## _a2306-627X 100 ## _a20260615b2026####ek#y0engy0150####ca 102 ## _aRU 200 1# _aTax Considerations within the Legal Regulation of Financial Security for Concession Agreements _eJournal article 210 1# _aMoscow _cINFRA-M Academic Publishing LLC. _d2026 215 ## _a5 с. 608 ## _aJournal article _2local 675 ## _aБухгалтерия. Системы бухгалтерии. Бухгалтерские операции. 657.1 _z 700 #1 _aAhmadeev _gRavil' Gabdullaevich 700 #1 _aMorozova _gTat'yana Viktorovna 700 #1 _aIvanova _gT. A. 856 4# _anaukaru.ru _u